<?xml version="1.0" encoding="UTF-8"?>
<record
    xmlns:xsi="http://www.w3.org/2001/XMLSchema-instance"
    xsi:schemaLocation="http://www.loc.gov/MARC21/slim http://www.loc.gov/standards/marcxml/schema/MARC21slim.xsd"
    xmlns="http://www.loc.gov/MARC21/slim">

  <leader>02809    a2200265   4500</leader>
  <controlfield tag="003">NALT</controlfield>
  <controlfield tag="005">20250312155826.0</controlfield>
  <controlfield tag="008">230828b        th ||||| |||| 00| 0 tha d</controlfield>
  <datafield tag="020" ind1=" " ind2=" ">
    <subfield code="a">9789740218241</subfield>
  </datafield>
  <datafield tag="040" ind1=" " ind2=" ">
    <subfield code="a">NALT</subfield>
  </datafield>
  <datafield tag="050" ind1=" " ind2=" ">
    <subfield code="a">AC 159</subfield>
    <subfield code="b">&#xE19;515&#xE19; 2566</subfield>
  </datafield>
  <datafield tag="100" ind1="0" ind2=" ">
    <subfield code="a">&#xE19;&#xE33;&#xE0A;&#xE31;&#xE22; &#xE0A;&#xE35;&#xE27;&#xE27;&#xE34;&#xE27;&#xE23;&#xE23;&#xE18;&#xE19;&#xE4C;.</subfield>
    <subfield code="9">33609</subfield>
  </datafield>
  <datafield tag="245" ind1="1" ind2="0">
    <subfield code="a">Need to Know &#xE23;&#xE39;&#xE49;&#xE41;&#xE25;&#xE49;&#xE27;&#xE23;&#xE39;&#xE49;&#xE23;&#xE2D;&#xE14; /</subfield>
    <subfield code="c">&#xE19;&#xE33;&#xE0A;&#xE31;&#xE22; &#xE0A;&#xE35;&#xE27;&#xE27;&#xE34;&#xE27;&#xE23;&#xE23;&#xE18;&#xE19;&#xE4C;.</subfield>
    <subfield code="h">[electronic resource]</subfield>
  </datafield>
  <datafield tag="250" ind1=" " ind2=" ">
    <subfield code="a">&#xE1E;&#xE34;&#xE21;&#xE1E;&#xE4C;&#xE04;&#xE23;&#xE31;&#xE49;&#xE07;&#xE41;&#xE23;&#xE01;.</subfield>
  </datafield>
  <datafield tag="260" ind1=" " ind2=" ">
    <subfield code="a">&#xE01;&#xE23;&#xE38;&#xE07;&#xE40;&#xE17;&#xE1E;&#xE2F; :</subfield>
    <subfield code="b">&#xE21;&#xE15;&#xE34;&#xE0A;&#xE19;, </subfield>
    <subfield code="c">2566.</subfield>
  </datafield>
  <datafield tag="300" ind1=" " ind2=" ">
    <subfield code="a">247 &#xE2B;&#xE19;&#xE49;&#xE32; : </subfield>
    <subfield code="b">&#xE20;&#xE32;&#xE1E;&#xE1B;&#xE23;&#xE30;&#xE01;&#xE2D;&#xE1A; ;</subfield>
    <subfield code="c">20 &#xE0B;&#xE21;.</subfield>
  </datafield>
  <datafield tag="300" ind1=" " ind2=" ">
    <subfield code="a">Online resource</subfield>
  </datafield>
  <datafield tag="505" ind1="0" ind2=" ">
    <subfield code="a">&#xE1C;&#xE39;&#xE49;&#xE19;&#xE33; &#xE1C;&#xE39;&#xE49;&#xE15;&#xE32;&#xE21; &#xE41;&#xE25;&#xE30;&#xE2D;&#xE33;&#xE19;&#xE32;&#xE08; --
&#xE01;&#xE32;&#xE23;&#xE40;&#xE21;&#xE37;&#xE2D;&#xE07;&#xE17;&#xE33;&#xE43;&#xE2B;&#xE49;&#xE42;&#xE07;&#xE48;? --
&#xE21;&#xE35;&#xE41;&#xE15;&#xE48;&#xE04;&#xE19;&#xE04;&#xE34;&#xE14;&#xE40;&#xE2B;&#xE21;&#xE37;&#xE2D;&#xE19;&#xE01;&#xE31;&#xE1A;&#xE40;&#xE23;&#xE32;...&#xE08;&#xE23;&#xE34;&#xE07;&#xE2B;&#xE23;&#xE37;&#xE2D;? --
&#xE2D;&#xE33;&#xE19;&#xE32;&#xE08;&#xE17;&#xE33;&#xE43;&#xE2B;&#xE49;&#xE09;&#xE49;&#xE2D;&#xE09;&#xE25;? --
&#xE40;&#xE2B;&#xE47;&#xE19;&#xE21;&#xE31;&#xE48;&#xE19; &#xE46; &#xE19;&#xE35;&#xE48;&#xE40;&#xE01;&#xE48;&#xE07;&#xE08;&#xE23;&#xE34;&#xE07;&#xE1B;&#xE30; --
&#xE17;&#xE33;&#xE22;&#xE31;&#xE07;&#xE44;&#xE07;&#xE43;&#xE2B;&#xE49;&#xE40;&#xE1B;&#xE47;&#xE19;&#xE02;&#xE27;&#xE31;&#xE0D;&#xE43;&#xE08;&#xE1B;&#xE23;&#xE30;&#xE0A;&#xE32;&#xE0A;&#xE19;? --
&#xE1E;&#xE25;&#xE40;&#xE21;&#xE37;&#xE2D;&#xE07;&#xE42;&#xE25;&#xE01;&#xE2D;&#xE14;&#xE17;&#xE19;&#xE01;&#xE31;&#xE19;&#xE44;&#xE14;&#xE49;&#xE40;&#xE01;&#xE48;&#xE07;&#xE41;&#xE04;&#xE48;&#xE44;&#xE2B;&#xE19;? --
&#xE09;&#xE25;&#xE32;&#xE14; &#xE42;&#xE07;&#xE48; &#xE25;&#xE37;&#xE21; &#xE08;&#xE33; --
&#xE2D;&#xE31;&#xE08;&#xE09;&#xE23;&#xE34;&#xE22;&#xE30;&#xE01;&#xE31;&#xE1A;&#xE04;&#xE19;&#xE1A;&#xE49;&#xE32; --
&#xE40;&#xE17;&#xE04;&#xE42;&#xE19;&#xE42;&#xE25;&#xE22;&#xE35;&#xE17;&#xE33;&#xE43;&#xE2B;&#xE49;&#xE04;&#xE19;&#xE42;&#xE07;&#xE48;&#xE25;&#xE07;? --
&#xE17;&#xE33;&#xE44;&#xE21;&#xE40;&#xE23;&#xE32;&#xE17;&#xE33;&#xE1C;&#xE34;&#xE14;&#xE0B;&#xE49;&#xE33;&#xE0B;&#xE32;&#xE01;? --
&#xE25;&#xE37;&#xE21;&#xE17;&#xE33;&#xE44;&#xE21;? &#xE17;&#xE33;&#xE44;&#xE21;&#xE25;&#xE37;&#xE21;? --
&#xE17;&#xE34;&#xE49;&#xE07;&#xE44;&#xE27;&#xE49; &#xE44;&#xE2B;&#xE07;&#xE08;&#xE33;&#xE44;&#xE14;&#xE49;&#xE40;&#xE1E;&#xE34;&#xE48;&#xE21;? --
&#xE2B;&#xE25;&#xE2D;&#xE01; &#xE25;&#xE27;&#xE07; &#xE2B;&#xE25;&#xE07;  --
&#xE17;&#xE33;&#xE44;&#xE21;&#xE40;&#xE23;&#xE32;&#xE01;&#xE25;&#xE31;&#xE27;&#xE1C;&#xE35;? --
&#xE17;&#xE33;&#xE44;&#xE21;&#xE15;&#xE01;&#xE2B;&#xE25;&#xE38;&#xE21;&#xE1E;&#xE23;&#xE32;&#xE07;&#xE42;&#xE06;&#xE29;&#xE13;&#xE32;? --
&#xE1E;&#xE25;&#xE31;&#xE07;&#xE02;&#xE2D;&#xE07;&#xE1F;&#xE23;&#xE35; --
&#xE04;&#xE27;&#xE32;&#xE21;&#xE41;&#xE23;&#xE07;&#xE02;&#xE2D;&#xE07;&#xE04;&#xE27;&#xE32;&#xE21;&#xE25;&#xE27;&#xE07; --
&#xE2B;&#xE25;&#xE27;&#xE07;&#xE04;&#xE19;&#xE23;&#xE49;&#xE32;&#xE22; --
&#xE2A;&#xE31;&#xE07;&#xE2B;&#xE23;&#xE13;&#xE4C; &#xE0A;&#xE30;&#xE15;&#xE32; &#xE41;&#xE25;&#xE30;&#xE2D;&#xE37;&#xE48;&#xE19; &#xE46; --
&#xE23;&#xE39;&#xE49;&#xE44;&#xE14;&#xE49;&#xE44;&#xE07; &#xE21;&#xE35;&#xE43;&#xE04;&#xE23;&#xE08;&#xE49;&#xE2D;&#xE07;? --
&#xE2A;&#xE31;&#xE0D;&#xE0A;&#xE32;&#xE15;&#xE0D;&#xE32;&#xE13;&#xE41;&#xE23;&#xE01;&#xE41;&#xE21;&#xE48;&#xE19;&#xE41;&#xE04;&#xE48;&#xE44;&#xE2B;&#xE19;? --
&#xE44;&#xE21;&#xE48;&#xE16;&#xE39;&#xE01;&#xE0A;&#xE30;&#xE15;&#xE32; --
&#xE17;&#xE33;&#xE44;&#xE21;&#xE04;&#xE19;&#xE41;&#xE01;&#xE48;&#xE44;&#xE21;&#xE48;&#xE0A;&#xE2D;&#xE1A;&#xE40;&#xE1E;&#xE25;&#xE07;&#xE27;&#xE31;&#xE22;&#xE23;&#xE38;&#xE48;&#xE19;? --
&#xE22;&#xE34;&#xE49;&#xE19;&#xE2A;&#xE27;&#xE22; &#xE1B;&#xE48;&#xE27;&#xE22; &#xE1B;&#xE48;&#xE27;&#xE19; --
&#xE08;&#xE30;&#xE40;&#xE1B;&#xE23;&#xE35;&#xE22;&#xE1A;&#xE40;&#xE17;&#xE35;&#xE22;&#xE1A;&#xE01;&#xE31;&#xE19;&#xE44;&#xE1B;&#xE16;&#xE36;&#xE07;&#xE44;&#xE2B;&#xE19;? --
&#xE40;&#xE1E;&#xE37;&#xE48;&#xE2D;&#xE19;&#xE40;&#xE23;&#xE32;&#xE44;&#xE21;&#xE48;&#xE40;&#xE17;&#xE48;&#xE32;&#xE01;&#xE31;&#xE19; --
&#xE40;&#xE25;&#xE34;&#xE01;&#xE04;&#xE1A;&#xE42;&#xE0B;&#xE40;&#xE0B;&#xE35;&#xE22;&#xE25;&#xE21;&#xE35;&#xE40;&#xE14;&#xE35;&#xE22; --
&#xE04;&#xE27;&#xE32;&#xE21;&#xE0B;&#xE31;&#xE1A;&#xE0B;&#xE49;&#xE2D;&#xE19;&#xE02;&#xE2D;&#xE07;&#xE41;&#xE23;&#xE07;&#xE08;&#xE39;&#xE07;&#xE43;&#xE08;.
</subfield>
  </datafield>
  <datafield tag="650" ind1=" " ind2="4">
    <subfield code="9">12069</subfield>
    <subfield code="a">&#xE04;&#xE27;&#xE32;&#xE21;&#xE23;&#xE39;&#xE49;&#xE17;&#xE31;&#xE48;&#xE27;&#xE44;&#xE1B; </subfield>
    <subfield code="x">&#xE23;&#xE27;&#xE21;&#xE40;&#xE23;&#xE37;&#xE48;&#xE2D;&#xE07;  </subfield>
  </datafield>
  <datafield tag="850" ind1=" " ind2=" ">
    <subfield code="a">NALT</subfield>
  </datafield>
  <datafield tag="856" ind1="4" ind2="0">
    <subfield code="u">https://ebook.parliament.go.th/ebookall/detail/435576</subfield>
    <subfield code="y">E-Book</subfield>
  </datafield>
  <datafield tag="942" ind1=" " ind2=" ">
    <subfield code="2">lcc</subfield>
    <subfield code="c">GB</subfield>
  </datafield>
  <datafield tag="996" ind1=" " ind2=" ">
    <subfield code="a">saiphon.d</subfield>
    <subfield code="b">CATSTF	</subfield>
    <subfield code="c">2023-08-28</subfield>
  </datafield>
  <datafield tag="996" ind1=" " ind2=" ">
    <subfield code="a">jamriang.p</subfield>
    <subfield code="b">CATSTF	</subfield>
    <subfield code="c">2025-03-12</subfield>
  </datafield>
  <datafield tag="999" ind1=" " ind2=" ">
    <subfield code="c">102969</subfield>
    <subfield code="d">102969</subfield>
  </datafield>
  <datafield tag="998" ind1=" " ind2=" ">
    <subfield code="j">1020</subfield>
    <subfield code="k"> &#xE19;&#xE32;&#xE07;&#xE08;&#xE33;&#xE40;&#xE23;&#xE35;&#xE22;&#xE07;  &#xE23;&#xE30;&#xE27;&#xE31;&#xE07;&#xE2A;&#xE33;&#xE42;&#xE23;&#xE07;</subfield>
  </datafield>
  <datafield tag="952" ind1=" " ind2=" ">
    <subfield code="0">0</subfield>
    <subfield code="1">0</subfield>
    <subfield code="2">lcc</subfield>
    <subfield code="4">0</subfield>
    <subfield code="7">0</subfield>
    <subfield code="8">CGBL</subfield>
    <subfield code="a">NALT</subfield>
    <subfield code="b">NALT</subfield>
    <subfield code="c">GEN</subfield>
    <subfield code="d">2023-08-25</subfield>
    <subfield code="e">20</subfield>
    <subfield code="l">2</subfield>
    <subfield code="m">1</subfield>
    <subfield code="o">AC 159 &#xE19;515&#xE19; 2566 &#xE09;.1</subfield>
    <subfield code="p">3961223407</subfield>
    <subfield code="r">2024-03-19 00:00:00</subfield>
    <subfield code="s">2024-03-15</subfield>
    <subfield code="w">2023-08-25</subfield>
    <subfield code="y">GB</subfield>
  </datafield>
  <datafield tag="952" ind1=" " ind2=" ">
    <subfield code="0">0</subfield>
    <subfield code="1">0</subfield>
    <subfield code="2">lcc</subfield>
    <subfield code="4">0</subfield>
    <subfield code="7">0</subfield>
    <subfield code="8">CGBL</subfield>
    <subfield code="a">NALT</subfield>
    <subfield code="b">NALT</subfield>
    <subfield code="c">GEN</subfield>
    <subfield code="d">2024-02-16</subfield>
    <subfield code="e">20</subfield>
    <subfield code="l">1</subfield>
    <subfield code="o">AC 159 &#xE19;515&#xE19; 2566 &#xE09;.2</subfield>
    <subfield code="p">3961222354</subfield>
    <subfield code="r">2024-05-30 00:00:00</subfield>
    <subfield code="s">2024-05-29</subfield>
    <subfield code="w">2024-02-16</subfield>
    <subfield code="y">GB</subfield>
  </datafield>
  <datafield tag="952" ind1=" " ind2=" ">
    <subfield code="0">0</subfield>
    <subfield code="1">0</subfield>
    <subfield code="2">lcc</subfield>
    <subfield code="4">0</subfield>
    <subfield code="7">0</subfield>
    <subfield code="8">CERS</subfield>
    <subfield code="a">NALT</subfield>
    <subfield code="b">NALT</subfield>
    <subfield code="c">ONLINE</subfield>
    <subfield code="d">2024-09-24</subfield>
    <subfield code="e">191</subfield>
    <subfield code="l">0</subfield>
    <subfield code="r">2024-09-24 00:00:00</subfield>
    <subfield code="t">1</subfield>
    <subfield code="w">2024-09-24</subfield>
    <subfield code="y">EBK</subfield>
  </datafield>
</record>
